[Event "DEN-ch sf6"]
[Site "Svendborg"]
[Date "2024.03.29"]
[Round "2"]
[White "Petersen, Frank Gjerning"]
[Black "Bekmukhanov, Sauran"]
[Result "1-0"]
[WhiteElo "1844"]
[BlackElo "1862"]
[PlyCount "69"]
[EventDate "2024.03.29"]
[EventType "swiss"]
[EventRounds "7"]
[EventCountry "DEN"]
[SourceTitle "CB16_2024"]
[SourceDate "2024.04.17"]
[SourceVersion "1"]
[SourceVersionDate "2024.04.17"]
[SourceQuality "1"]

1. d4 Nf6 2. Nf3 e6 3. e3 d5 4. Bd3 Bd6 5. b3 0-0 6. Bb2 Ne4 7. 0-0 f5 8. Nbd2 Nd7 9. Ne5 Rf6 10. f3 Nxd2 11. Qxd2 Bxe5 12. dxe5 Rh6 13. Qf2 b6 14. Rad1 Nc5 15. Be2 Ba6 16. c4 c6 17. Bd4 Nd7 18. e4 dxc4 19. exf5 exf5 20. f4 Qe7 21. Rfe1 Nf8 22. Qf3 Bb7 23. Bxc4+ Ne6 24. Bb2 b5 25. Bxe6+ Rxe6 26. Qd3 g6 27. Rd2 a6 28. Red1 c5 29. Qe3 Bc6 30. Rd6 Rxd6 31. Rxd6 Qb7 32. e6 Re8 33. Qe5 Kf8 34. Qf6+ Qf7 35. Qxf7# 1-0

[Event "DEN-ch sf6"]
[Site "Svendborg"]
[Date "2024.03.29"]
[Round "4"]
[White "Petersen, Frank Gjerning"]
[Black "Sejersen, Christian"]
[Result "0-1"]
[WhiteElo "1844"]
[BlackElo "1854"]
[PlyCount "60"]
[EventDate "2024.03.29"]
[EventType "swiss"]
[EventRounds "7"]
[EventCountry "DEN"]
[SourceTitle "CB16_2024"]
[SourceDate "2024.04.17"]
[SourceVersion "1"]
[SourceVersionDate "2024.04.17"]
[SourceQuality "1"]

1. d4 Nf6 2. Nf3 g6 3. Nc3 d5 4. Bf4 a6 5. Qd2 Bg7 6. Bh6 0-0 7. h4 Bxh6 8. Qxh6 Ng4 9. Qg5 Bf5 10. h5 e6 11. Qf4 c5 12. Rh4 cxd4 13. Qxd4 Nc6 14. Qd2 Qb6 15. e3 Qxb2 16. Rb1 Qxc2 17. Qxc2 Bxc2 18. Rxb7 Nge5 19. Nd4 Na5 20. Rb2 Bd3 21. f4 Nec4 22. Rb4 Bxf1 23. Kxf1 Nxe3+ 24. Kf2 Nac4 25. hxg6 hxg6 26. g4 Rfb8 27. Rb3 Kg7 28. Nc6 Rh8 29. Kg3 Nf1+ 30. Kh3 Rxh4+ 0-1

[Event "DEN-ch KP Gr1"]
[Site "Svendborg"]
[Date "2023.04.05"]
[Round "3"]
[White "Kronborg, Anders Farver"]
[Black "Petersen, Frank Gjerning"]
[Result "0-1"]
[WhiteElo "1727"]
[BlackElo "1770"]
[PlyCount "48"]
[EventDate "2023.04.05"]
[EventType "swiss"]
[EventRounds "5"]
[EventCountry "DEN"]
[SourceTitle "CBM 213 Extra"]
[Source "ChessBase"]
[SourceDate "2023.05.31"]
[SourceVersion "1"]
[SourceVersionDate "2023.05.31"]
[SourceQuality "1"]

1. d4 f5 2. g4 d5 3. g5 Nc6 4. Bf4 e6 5. h4 Bd6 6. Nh3 Qe7 7. Nc3 Bd7 8. Qd2 a6 9. Bg2 0-0-0 10. 0-0-0 Be8 11. Kb1 Bb4 12. Qe3 Qd7 13. a3 Bxc3 14. Qxc3 Nge7 15. Bg3 Bf7 16. Rd3 Kb8 17. Qc5 Nc8 18. Rhd1 Nd6 19. Rb3 Nb5 20. a4 Nd6 21. Rdd3 Nc4 22. Ka1 Ka8 23. Rdc3 b6 24. Rxb6 cxb6 0-1

[Event "DEN-ch KP Gr1"]
[Site "Svendborg"]
[Date "2023.04.05"]
[Round "2"]
[White "Petersen, Frank Gjerning"]
[Black "Rasmussen, Matthias"]
[Result "1-0"]
[WhiteElo "1770"]
[BlackElo "1710"]
[PlyCount "63"]
[EventDate "2023.04.05"]
[EventType "swiss"]
[EventRounds "5"]
[EventCountry "DEN"]
[SourceTitle "CBM 213 Extra"]
[Source "ChessBase"]
[SourceDate "2023.05.31"]
[SourceVersion "1"]
[SourceVersionDate "2023.05.31"]
[SourceQuality "1"]

1. d4 Nf6 2. Bf4 e6 3. Nd2 c5 4. e3 cxd4 5. exd4 Nc6 6. c3 d5 7. Ngf3 Bd6 8. Bg3 0-0 9. Bd3 Re8 10. Ne5 Qc7 11. f4 Qb6 12. Rb1 g6 13. Qf3 Nh5 14. Bf2 Qa5 15. 0-0 Qxa2 16. g4 Ng7 17. h4 h5 18. Kh1 Ne7 19. Rg1 Bxe5 20. fxe5 hxg4 21. Qxg4 Qa5 22. h5 Ngf5 23. Nf3 Kg7 24. Qg5 Rh8 25. Bxf5 Nxf5 26. Qf6+ Kg8 27. Rxg6+ fxg6 28. Qxg6+ Ng7 29. Rg1 Qc7 30. Qe8+ Kh7 31. Ng5+ Kh6 32. Qg6# 1-0

[Event "Calvia Amateur op 14th"]
[Site "Calvia"]
[Date "2017.10.07"]
[Round "1"]
[White "Spence, David"]
[Black "Petersen, Frank Gjerning"]
[Result "1/2-1/2"]
[WhiteElo "2156"]
[BlackElo "1794"]
[PlyCount "83"]
[EventDate "2017.10.07"]
[EventType "swiss"]
[EventRounds "9"]
[EventCountry "ESP"]
[SourceTitle "CBM 181 Extra"]
[Source "ChessBase"]
[SourceDate "2017.12.12"]
[SourceVersion "1"]
[SourceVersionDate "2017.12.12"]
[SourceQuality "1"]

1. e4 d6 2. d4 Nf6 3. Nc3 Nbd7 4. Nf3 e5 5. Bc4 Be7 6. 0-0 h6 7. Re1 c6 8. a4 a5 9. b3 exd4 10. Nxd4 Ne5 11. Bf1 0-0 12. Bb2 Qc7 13. h3 Rd8 14. f4 Ng6 15. Qf3 Qb6 16. Nce2 d5 17. e5 Ne4 18. Kh2 Nh4 19. Qd3 c5 20. Nf3 Nf5 21. Rab1 Qg6 22. g4 Nh4 23. f5 Bxf5 24. Nf4 Qh7 25. Nxh4 Bxh4 26. gxf5 Bg3+ 27. Qxg3 Nxg3 28. Kxg3 Qxf5 29. Kf3 Qxc2 30. Bd3 Qxb3 31. Bd4 Qa3 32. Ra1 Qb4 33. Bf2 c4 34. Bf5 g6 35. Rab1 Qe7 36. Bc2 d4 37. Be4 Rab8 38. Rb6 Qa3+ 39. Kg4 Kg7 40. Bh4 h5+ 41. Nxh5+ gxh5+ 42. Kf4 1/2-1/2

[Event "DEN-ch G7-2"]
[Site "Skorping"]
[Date "2017.04.16"]
[Round "6"]
[White "Petersen, Frank Gjerning"]
[Black "Moller, Birger Poul"]
[Result "1-0"]
[WhiteElo "1797"]
[BlackElo "1835"]
[PlyCount "59"]
[EventDate "2017.04.11"]
[EventType "swiss"]
[EventRounds "7"]
[EventCountry "DEN"]
[SourceTitle "EXT 2021"]
[Source "ChessBase"]
[SourceDate "2020.10.23"]
[SourceVersion "1"]
[SourceVersionDate "2020.10.23"]
[SourceQuality "1"]

1. e4 e5 2. Nf3 Nc6 3. Bc4 Bc5 4. c3 Nf6 5. d3 d6 6. Bb3 a6 7. h3 Ba7 8. Qe2 Qe7 9. Bg5 h6 10. Bh4 Be6 11. Bc2 0-0-0 12. Nbd2 Kb8 13. Nb3 g5 14. Bg3 Rhe8 15. 0-0-0 Nd7 16. Nfd2 f5 17. f3 f4 18. Bf2 Bxf2 19. Qxf2 Bf7 20. Bb1 h5 21. d4 Qf6 22. d5 Ne7 23. Nc4 Nf8 24. Bd3 Nfg6 25. Qe2 g4 26. Nca5 gxf3 27. gxf3 Nxd5 28. exd5 Bxd5 29. Bxg6 Bxf3 30. Qxf3 1-0

[Event "DEN-ch G7-2"]
[Site "Skorping"]
[Date "2017.04.11"]
[Round "1"]
[White "Petersen, Frank Gjerning"]
[Black "Poulsen, Peter Risgaard"]
[Result "0-1"]
[WhiteElo "1797"]
[BlackElo "1920"]
[PlyCount "94"]
[EventDate "2017.04.11"]
[EventType "swiss"]
[EventRounds "7"]
[EventCountry "DEN"]
[SourceTitle "EXT 2021"]
[Source "ChessBase"]
[SourceDate "2020.10.23"]
[SourceVersion "1"]
[SourceVersionDate "2020.10.23"]
[SourceQuality "1"]

1. e4 d6 2. Bc4 Nf6 3. d3 e5 4. Nf3 h6 5. c3 c6 6. Nbd2 b5 7. Bb3 Be7 8. h3 Nbd7 9. Nf1 Nc5 10. Bc2 Ne6 11. g3 a5 12. Ne3 g6 13. d4 Qc7 14. h4 Ng7 15. Nh2 h5 16. a3 Bd7 17. Bd2 Qa7 18. Qf3 Qc7 19. Bb3 Ne6 20. Nc2 Qa7 21. Bg5 Ng8 22. Be3 Qc7 23. d5 Nd8 24. Nf1 c5 25. Nd2 c4 26. Ba2 Nb7 27. Qe2 Nh6 28. f4 Ng4 29. Bg1 Nc5 30. 0-0-0 Nd3+ 31. Kb1 exf4 32. gxf4 Nxf4 33. Qe1 Nd3 34. Qg3 Bf6 35. Nf3 b4 36. Ncd4 Be5 37. Nxe5 Ndxe5 38. cxb4 axb4 39. Rc1 0-0 40. Ne2 bxa3 41. Bd4 axb2 42. Bxb2 Rfb8 43. Qc3 Nf2 44. Rhf1 Nxe4 45. Qd4 Bf5 46. Rxf5 gxf5 47. Nf4 Qb6 0-1